Practical fluid power control-electrical and fluidic
Saved in:
| 主要作者: | |
|---|---|
| 格式: | 圖書 |
| 語言: | 英语 |
| 出版: |
Dallas
Womack Educational Publications
1971
|
| 主題: | |
| 標簽: |
添加標簽
沒有標簽, 成為第一個標記此記錄!
|
MARC
| LEADER | 00000nam a2200000 a 4500 | ||
|---|---|---|---|
| 001 | UCV5216 | ||
| 003 | CL-VaPUC | ||
| 008 | 920921e19710000US |||||||||||||||||eng|d | ||
| 082 | 0 | 4 | |a 620.106 |b HED |2 21 |
| 100 | |a Hedges, Charles S |e author |9 299530 | ||
| 245 | 1 | 0 | |a Practical fluid power control-electrical and fluidic |
| 300 | |a 207 p | ||
| 942 | |c BK | ||
| 945 | |d 19920921 00:00:00 | ||
| 260 | |a Dallas |b Womack Educational Publications |c 1971 | ||
| 650 | 0 | |a Mecánica de fluidos |9 259464 | |
| 650 | 7 | |a MAQUINARIA HIDRAULICA |2 CL-VaPUC |9 299529 | |
| 583 | |a last modification |c 19920921 00:00:00 |k Rodrigo Vera | ||
| 999 | |c 211800 |d 211798 | ||